000 00456nam a2200157Ia 4500
008 151015s9999 xx 000 0 und d
020 _a9.7881315028e+012
050 _aHG 3881. M 2765 2007
245 _aMadura Jeff
250 _a_International corporate finance(8th ed) Jeff Madura
260 _a8th ed.
300 _aUS Thomson Southwestern 2007
500 _aincludes index
650 _a_Corporate finance
700 _a^d20110202 09:19:22^oanne
999 _c667
_d667